Riflessi di vita /

Gespeichert in:
Bibliographische Detailangaben
1. Verfasser: Corso, Roberto
Format: Buch
Sprache:Englisch
Veröffentlicht: Catania Edizioni Greco 2002
Tags: Tag hinzufügen
Keine Tags, Fügen Sie das erste Tag hinzu!

MARC

LEADER 00000nam a2200000 4500
001 CDOM0000003892
003 mi
005 20250829145112.0
008 250801b |||||||| |||| 00| 0 eng d
040 |c mi 
100 |a Corso, Roberto 
245 1 |a Riflessi di vita /  |c Roberto Corso, Riccardo Di Salvo, Luisa Amantia, prefazione di Leo Gullotta 
260 |a Catania  |b Edizioni Greco  |c 2002 
300 |a 52 p.  |c 17 cm. 
942 |2 ddc  |c BK 
952 |0 0  |1 0  |2 ddc  |4 0  |6 LPS_01CORRORIF11  |7 0  |9 7067  |a MI  |b MI  |d 2009-09-14  |i 5624  |l 0  |o LPS01-CORRO-RIF11  |p CDOM5624  |r 2025-07-13 16:28:00  |w 2025-07-13  |x DONO  |y BK 
952 |0 0  |1 0  |2 ddc  |4 0  |6 LPS_01CORRORIF12  |7 0  |9 7068  |a MI  |b MI  |d 2009-09-18  |i 5664  |l 0  |o LPS01-CORRO-RIF12  |p CDOM5664  |r 2025-07-13 16:28:00  |w 2025-07-13  |x DONO  |y BK 
952 |0 0  |1 0  |2 ddc  |4 0  |6 LPS_01CORRORIF13  |7 0  |9 7069  |a MI  |b MI  |d 2009-09-18  |i 5665  |l 0  |o LPS01-CORRO-RIF13  |p CDOM5665  |r 2025-07-13 16:28:00  |w 2025-07-13  |x DONO  |y BK 
999 |c 5778  |d 5778